Loading...
Sthraina kamasoothram
| Main Author: | |
|---|---|
| Format: | Printed Book |
| Language: | Malayalam |
| Published: |
Kottayam:D C Books,
2012.
|
| LEADER | 00492nam a22001217a 4500 | ||
|---|---|---|---|
| 008 | 111204s9999 xx 000 0 mal d | ||
| 100 | |a Indira,K.R. | ||
| 245 | |a Sthraina kamasoothram |c /Indira,K.R. | ||
| 260 | |b Kottayam:D C Books, |c 2012. | ||
| 300 | |a 240p. | ||
| 942 | |c BK | ||
| 999 | |c 232203 |d 232203 | ||
| 952 | |0 0 |1 0 |2 ddc |4 0 |6 301_412000000000000_IND_S |7 0 |9 257241 |a MAL |b MAL |c ST1 |d 2013-04-22 |e Current Books, Bill No:000246 date:18-03-2013 |g 195.00 |l 10 |o 301.412 IND/S |p MAL34815 |r 2019-04-10 |s 2019-03-20 |w 2013-04-22 |y BK | ||